Omni 2: Commerce (Record no. 12209)

000 -LEADER
fixed length control field 00333 a2200157 4500
003 - CONTROL NUMBER IDENTIFIER
control field OSt
005 - DATE AND TIME OF LATEST TRANSACTION
control field 20231223130204.0
008 - FIXED-LENGTH DATA ELEMENTS--GENERAL INFORMATION
fixed length control field 231223b ||||| |||| 00| 0 eng d
020 ## - INTERNATIONAL STANDARD BOOK NUMBER
International Standard Book Number 9788957705339
040 ## - CATALOGING SOURCE
Transcribing agency bmsca
082 ## - DEWEY DECIMAL CLASSIFICATION NUMBER
Classification number 212
100 ## - MAIN ENTRY--PERSONAL NAME
Personal name Archiworld
245 ## - TITLE STATEMENT
Title Omni 2: Commerce
260 ## - PUBLICATION, DISTRIBUTION, ETC. (IMPRINT)
Name of publisher, distributor, etc Archiworld
942 ## - ADDED ENTRY ELEMENTS (KOHA)
Source of classification or shelving scheme
Holdings
Withdrawn status Lost status Source of classification or shelving scheme Damaged status Koha normalized classification for sorting Not for loan Permanent location Current location Date acquired Source of acquisition Cost, normal purchase price Full call number Barcode Date last seen Cost, replacement price Price effective from Koha item type Public note
        212_000000000000000   BMS College of Architecture, Design and Planning BMS College of Architecture, Design and Planning 2023-12-23 10 3890.25 212 AR-UG3448 2023-12-23 5557.50 2023-12-23 UG Books S-07
Copyright © 2025, The Librarian, Library and Information Centre, BMSCA D&P, Bengaluru. All Rights Reserved
web counter

Powered by Koha